000 01458nam a2200349 i 4500
001 195786
003 SpMaBN
005 20250302063101.0
008 250228s2020 sp a | |||| 000 0 spa
017 _aM 803-2020
_bOficina Depósito Legal Madrid
020 _a9788417882266
035 _a(OCoLC)1190656051
035 _aa6722330
040 _aSpMaBN
_bspa
_cSpMaBN
_erda
080 _a72.033.3(460.27)
100 1 _aShamhood, Kadhim
_d1948-
_4aut
_9237501
245 1 0 _aMayrit, Madrid :
_bruta islámica por el antiguo Madrid y sus pueblos /
_cKadhim Shamhood.
250 _aPrimera edición: enero, 2020
264 1 _aMadrid, España :
_bLiber Factory,
_c[2020]
300 _a107 páginas :
_bprincipalmente ilustraciones (blanco y negro y color), mapa (color), planos (blanco y negro y color) ;
_c25 cm.
336 _aImagen fija
_aTexto
_2rdacontent
337 _asin mediación
_2rdamedia
338 _avolumen
_2rdacarrier
500 _aTítulo paralelo también en árabe
650 7 _aArquitectura musulmana
_zMadrid (Comunidad Autónoma)
_2embne
_9237502
852 _aES-MaACL
_bR.152910
_cDEPOJ
_jN-8794
_hDonación: Kadhim Shamhood
_xEncuadernación rústica con solapas
_9204638
903 _9237501
_aShamhood, Kadhim,
_d1948-
_ednr
942 _cMONOGRAFIA
_n0
954 _iTatiana Alejandra de Castro Pérez
999 _c195786
_d195786